00425nam a22001457a 4500008004100000020001400041050002400055245004600079260003600125300004900161336001000210337001400220338001200234650003300246130424t2002 xxua | |||| 00| 0 spa d a849563032 aHB171.5 bB512 2002 aGran Enciclopedia Time Lifec / Time-Life aEspañab : Time Lifec ; 2002 a13 volúmenb: il. tablas, graf. c; 27 cm. atexto asin medio avolumen aENCICLOPEDIAS Y DICCIONARIOS